Statistics for Most Populous Island Or Landlocked Countries

Click here to take the quiz!

General Stats

  • This quiz has been taken 55 times
  • The average score is 12 of 15

Answer Stats

Population Country % Correct
268,074,600Indonesia
94%
22,314,743Niger
90%
126,200,000Japan
88%
107,760,000Philippines
88%
66,040,229United Kingdom
84%
25,263,000Madagascar
80%
19,973,000Mali
80%
40,006,700Uganda
78%
98,665,000Ethiopia
76%
32,225,560Afghanistan
75%
23,589,312Taiwan
73%
21,670,112Sri Lanka
71%
29,609,623Nepal
69%
33,543,908Uzbekistan
61%
20,870,060Burkina Faso
55%

Score Distribution

Percentile by Number Answered

Percent of People with Each Score

Your Score History

You have not taken this quiz